Countries with a Higher Life Expectancy than the USA - Statistics

General Stats
  • This quiz has been taken 52 times
  • The average score is 36 of 43
Answer Stats
Life Expectancy (Years) Country % Correct
83.13 France
100%
82.94 Norway
100%
83.99 Spain
100%
81.40 Denmark
98%
82.48 Finland
98%
84.01 Italy
98%
85.03 Japan
98%
83.33 Sweden
98%
82.79 Luxembourg
96%
83.50 South Korea
96%
83.94 Australia
94%
81.88 Germany
94%
82.80 New Zealand
94%
84.25 Switzerland
94%
81.77 United Kingdom
94%
89.17 Monaco
92%
82.65 Portugal
92%
83.15 Andorra
90%
82.05 Austria
90%
82.17 Belgium
90%
82.96 Canada
90%
79.18 Estonia
90%
83.52 Iceland
90%
82.81 Ireland
90%
82.78 Netherlands
90%
84.07 Singapore
90%
82.80 Greece
88%
83.04 Liechtenstein
88%
81.85 Slovenia
88%
79.27 Poland
85%
83.40 San Marino
83%
80.74 Chile
81%
79.85 Czechia
81%
83.49 Israel
79%
81.04 Taiwan
79%
83.06 Malta
77%
80.73 Qatar
71%
81.51 Cyprus
69%
80.94 Costa Rica
60%
79.18 Cuba
58%
79.64 Barbados
44%
79.27 Lebanon
40%
79.89 Maldives
38%
No matching quizzes found
Score Distribution
Percent of People with Each Score
Percentile by Number Answered
Your Score History
You have not taken this quiz